|
|
|
|
| LEADER |
00000nam0a2200000 4500 |
| 001 |
269399 |
| 005 |
20231101234242.0 |
| 035 |
|
|
|a (RuTPU)RU\TPU\book\292574
|
| 090 |
|
|
|a 269399
|
| 100 |
|
|
|a 20140918d1987 km y0rusy50 ca
|
| 101 |
0 |
|
|a rus
|
| 102 |
|
|
|a RU
|
| 105 |
|
|
|a a z 001zy
|
| 200 |
1 |
|
|a Кинематическая точность приборных волновых передач
|f С. Н. Истомин [и др.]
|
| 210 |
|
|
|a Москва
|c Машиностроение
|d 1987
|
| 215 |
|
|
|a 158 с.
|c ил.
|
| 225 |
1 |
|
|a Библиотека приборостроителя
|
| 320 |
|
|
|a Библиогр.: с. 154-155
|
| 606 |
1 |
|
|a Зубчатые передачи волновые
|2 stltpush
|3 (RuTPU)RU\TPU\subj\12116
|9 38964
|
| 610 |
1 |
|
|a параметры
|
| 610 |
1 |
|
|a расчет
|
| 610 |
1 |
|
|a погрешности
|
| 610 |
1 |
|
|a кинематическая точность
|
| 610 |
1 |
|
|a методы
|
| 610 |
1 |
|
|a средства
|
| 610 |
1 |
|
|a экспериментальные исследования
|
| 675 |
|
|
|a 621.833-182
|v 3
|
| 701 |
|
1 |
|a Истомин
|b С. Н.
|g Станислав Николаевич
|
| 701 |
|
1 |
|a Шувалов
|b С. А.
|g Сергей Арсеньевич
|
| 701 |
|
1 |
|a Попов
|b П. К.
|g Павел Кириллович
|
| 701 |
|
1 |
|a Борисов
|b С. Г.
|g Сергей Григорьевич
|
| 701 |
|
1 |
|a Фирсаев
|b А. Ф.
|g Алексей Федорович
|
| 801 |
|
1 |
|a RU
|b 63413507
|c 20140918
|
| 801 |
|
2 |
|a RU
|b 63413507
|c 20161201
|g RCR
|
| 942 |
|
|
|c BK
|